Korea's twentieth-century odyssey /

Bibliographic Details
Main Author: Robinson, Michael Edson
Format: Book
Language:English
Published: Honolulu : University of Hawaiʻi Press, [2007]
Subjects:
Online Access:Table of contents only

MARC

Tag First Indicator Second Indicator Subfields
LEADER 00000cam a22000004a 4500
001 in00002251321
005 20151105053642.0
008 061120s2007 hiuab b s001 0 eng
010 |a  2006038995 
020 |a 9780824830809 (hardcover : alk. paper) 
020 |a 0824830806 (hardcover : alk. paper) 
020 |a 9780824831745 (pbk. : alk. paper) 
020 |a 0824831748 (pbk. : alk. paper) 
029 1 |a YDXCP  |b 2513248 
029 1 |a YDXCP  |b 2513250 
035 |a (OCoLC)ocm76820894 
035 |a (OCoLC)76820894 
040 |a DLC  |c DLC  |d BAKER  |d BTCTA  |d C#P  |d YDXCP  |d UtOrBLW 
043 |a a-kr---  |a a-ko---  |a a-kn--- 
049 |a TXAM 
050 0 0 |a DS916  |b .R63 2007 
082 0 0 |a 941.904  |2 22 
100 1 |a Robinson, Michael Edson. 
245 1 0 |a Korea's twentieth-century odyssey /  |c Michael E. Robinson. 
264 1 |a Honolulu :  |b University of Hawaiʻi Press,  |c [2007] 
264 4 |c ©2007 
300 |a x, 220 pages :  |b illustrations, map ;  |c 23 cm. 
336 |a text  |b txt  |2 rdacontent 
337 |a unmediated  |b n  |2 rdamedia 
338 |a volume  |b nc  |2 rdacarrier 
504 |a Includes bibliographical references (pages 201-210) and index. 
505 0 |a Introduction. Korea's turbulent twentieth century -- A new century and the end of an era -- Colonial state and society -- Class and nation in colonial Korea: the 1920s -- Colonial modernity, assimilation, and war: 1930-1945 -- Liberation, civil war, and division -- Political and economic development in South Korea -- Going it alone: the DPRK 1953-present -- Democratization in South Korea: 1987-2000 -- Epilogue. Untying the Korean knot. 
651 0 |a Korea  |x History  |y 20th century  |v Textbooks. 
651 0 |a Korea (South)  |x History  |y 20th century  |v Textbooks. 
651 0 |a Korea (North)  |x History  |y 20th century  |v Textbooks. 
856 4 1 |3 Table of contents only  |u http://www.loc.gov/catdir/toc/ecip075/2006038995.html  |t 0 
938 |a Baker & Taylor  |b BKTY  |c 48.00  |d 48.00  |i 0824830806  |n 0007132366  |s active 
938 |a Baker & Taylor  |b BKTY  |c 19.00  |d 19.00  |i 0824831748  |n 0007132280  |s active 
938 |a Baker and Taylor  |b BTCP  |n 2006038995 
938 |a YBP Library Services  |b YANK  |n 2513250 
945 |a PromptCat  |b 161147 
946 |a stk 
947 |a A14836156218 
948 |a cataloged  |b h  |c 2007/6/21  |d c  |e achopde  |f 2:19:28 pm 
994 |a 92  |b TXA 
999 |a MARS 
999 f f |s 3e8c4c74-2adc-35f7-8e1f-0df79d6fa91a  |i 5dd33ffa-162c-32b6-81a5-04950a1012a8  |t 0 
952 f f |p ric  |a Texas A&M University  |b Rellis Campus  |c Joint Library Facility  |d Remote Storage  |t 0  |e DS916 .R63 2007  |h Library of Congress classification  |i unmediated -- volume  |m A14836156218 
998 f f |a DS916 .R63 2007  |t 0  |l Remote Storage